000 00536nam a22001937a 4500
003 KOHA_MİRAKIL
005 20250411171509.0
008 250411b tu ||||| |||| 00| 0 tur d
020 _a9786057643971
040 _aTR-AnABB
_btur
_cTR-AnABB
041 _atur
082 _a813.42
_bCIC 2023
100 1 _aÇiçek, Sevim,
245 1 0 _aDağlar taşlar tanığımdır /
_cSevim Çiçek
260 _aİstanbul :
_bNotos Kitap,
_c2023
300 _a158 sayfa ;
_c20 cm
650 0 4 _aTürk edebiyatı, roman
942 _2ddc
_cBK
999 _c8660
_d8660
900 _bGizem YORULMAZ